Logo biblioteca
Santa Fe 2917, Rosario, Santa Fe
Lu-Vi 8 a 19.45
+54-341-4232362
bibliotecaeudoro@gmail.com
Facebook Biblioteca Pedagógica
Sitio web

Encuentro de sentidos en la formación docente / (Registro nro. 32674)

Detalles MARC
000 -CABECERA
campo fijo de control de longitud 01215nab a2200241 4500
003 - IDENTIFICADOR DEL NÚMERO DE CONTROL
campo de control AR-RoBPED
005 - FECHA Y HORADE LA ULTIMA TRANSACCION
campo de control 20260430100731.0
008 - ELEMENTOS DE LONGITUD FIJA--INFORMACION GENERAL
campo fijo de control de longitud 260430b |||||||| |||| 00| 0 spa d
040 ## - FUENTE CATALOGADORA
Centro catalogador/agencia de origen AR-RoBPED
041 ## - IDIOMA
Código de idioma para texto/pista de sonido o título independiente spa
100 1# - ENCABEZAMIENTO PRINCIPAL--AUTOR PERSONAL
Nombre de persona Crudo, Ivana
9 (RLIN) 30784
Función Profesora de Educación Inicial
245 1# - TITULO
Título Encuentro de sentidos en la formación docente /
260 ## - PUBLICACION
Lugar Buenos Aires :
Editor Noveduc,
Fecha 2023
300 ## - DESCRIPCION FISICA
Extensión 46-50 p.
500 ## - NOTA GENERAL
Nota general Luego de referirse a la docencia como una profesión que tiene características muy particulares, la autora se detiene en una de ellas: la del educador como transmisor de cultura. Desde allí, presenta algunas experiencias que invitan a experiementar, reflexionar y seguir aprendiendo para dar respuesta a los múltiples desafíos que los y las docentes enfrentan en la práctica cotidiana.
650 #7 - TERMINO DE MATERIA--CONTROLADO
Término controlado FORMACION DE DOCENTES
9 (RLIN) 1259
Término controlado DOCENCIA
9 (RLIN) 14558
Término controlado PRACTICAS COLABORATIVAS-DIALOGICAS
9 (RLIN) 28321
Término controlado EXPERIENCIA DEL DOCENTE
9 (RLIN) 14611
773 0# - DOCUMENTO FUENTE
Host Biblionumber 20414
Host Itemnumber 40098
Place, publisher, and date of publication Buenos Aires : Noveduc, 1993-
Título Novedades Educativas
Record control number (AR-RoBPED)20414
International Standard Serial Number 03283534
942 ## - ELEMENTOS KOHA
Fuente de clasificación Universal Decimal Classification
Koha tipo de ítem Revistas
Clasificación 37(05)
Signatura librística Nov 86 N° 393 (Dic.2023)
Número Koha k.32674
945 ## - PROCESAMIENTO DE LA INFORMACIÓN LOCAL
Catalogador y fecha mar 04/2026

No hay ítems disponibles.